Polskie linie lotnicze - Statystyki

Ogólne statystyki
  • Ten quiz został rozwiązany 91 razy
  • Średni wynik to 3 z 6
Statystyki odpowiedzi
Rok powstania Odpowiedzi % Poprawnych
1929 LOT
100%
2010 EnterAir
70%
2017 Buzz
58%
2003 Sprint Air
30%
2012 Smartwings Poland
29%
2000 SkyTaxi
23%
Nie znaleziono quizów pasujących do podanych kryteriów
Rozkład punktacji
Procent ludzi z każdym wynikiem
Percentyl według liczby udzielonych odpowiedzi
Twoja historia wyników
Nie rozwiązałeś tego quizu